LDR 01106nam a2200253 i 4500 001 000000110178 003 CaOOAMICUS 005 20021122000000.0 008 021122n it u000 u ita u 013 $a82859 040 $aSeMil$bita 100 1 $aBessero Belti, Remo.$0(OLS)http://semarc/name/9675 245 13$aLa «questione rosminiana» /$cRemo Bessero Belti. 260 $aStresa :$bCentro internazionale di studi rosminiani,$c[19??] 300 $a83 p. ;$c20 cm. 500 $aContiene : Appendice. - Fondo Card. C.M. Martini. 600 14$aRosmini Serbati, Antonio
.$0(OLS)http://semarc/subject/791 650 4$aRosmini Serbati, Antonio
- "Questione rosminiana".$0(OLS)http://semarc/subject/19595 850 $aSeMil 852 $aSeMil$W1$xVenegono$y1$m2L IV 12$j66090$B66090$CSeMilBibl$Z2$F99920 $81 941 1 $a4 961 $aOmaggio: Martini Card. Carlo Maria 996 $6245$aLa «questione rosminiana»$9(OLS)http://semarc/title/160113 996 $6260$aStresa :$bCentro internazionale di studi rosminiani$9(OLS)http://semarc/publisher/32698